LEADER 01449nam0 22003733i 450 001 UBO0240225 005 20231121125852.0 020 $aIT$b745966 100 $a20111217d1973 ||||0itac50 ba 101 | $aita 102 $ait 181 1$6z01$ai $bxxxe 182 1$6z01$an 200 1 $aWinston S. Churchill 210 $aTorino$cUTET$dstampa 1973 215 $a2 v. (XLVIII, 1366 p. compless.)$d18 cm 225 | $aScrittori del mondo: i Nobel 300 $aContiene: Marlborough 300 $aTrad. di Giovanna Paroni. 410 0$1001CFI0044221$12001 $aScrittori del mondo: i Nobel 517 1 $aMarlborough.$9MOD0812944 700 1$aChurchill$b, Winston S.$3RAVV003813$4070$0134643 790 1$aChurchill$b, Winston$3CFIV183838$zChurchill, Winston S. 790 1$aChurchill$b, Winston Leonard Spencer$3MILV155519$zChurchill, Winston S. 790 1$aChurchill$b, Winston Spencer$3RAVV072833$zChurchill, Winston S. 801 3$aIT$bIT-01$c20111217 850 $aIT-RM0289 $aIT-FR0017 899 $aBiblioteca Statale A. Baldini$bRM0289 899 $aBiblioteca umanistica Giorgio Aprea$bFR0017 912 $aUBO0240225 950 0$aBiblioteca umanistica Giorgio Aprea$d 52MAG 1 COLL D 82$e 52FLS0000146285 VMB RS $fA $h20181113$i20181113 977 $a 04$a 52 996 $aMarlborough, his life and times$920277 997 $aUNICAS